Trace elements in different pathological changes of thyroid gland; Trace elements in the food chain

Detaylı Bibliyografya
Parent link:Trace elements in the food chain.— 2006.— P. 15-16
Yazar: Baranovskaya N. V. Nataliya Vladimirovna
Diğer Yazarlar: Denisova O. A., Rikhvanov L. P. Leonid Petrovich
Özet:В фонде НТБ ТПУ отсутствует
Dil:İngilizce
Baskı/Yayın Bilgisi: 2006
Konular:
Materyal Türü: MixedMaterials Kitap Bölümü
KOHA link:https://koha.lib.tpu.ru/cgi-bin/koha/opac-detail.pl?biblionumber=598082

MARC

LEADER 00000naa0a2200000 4500
001 598082
005 20250221165113.0
035 |a (RuTPU)RU\TPU\tpu\21591 
035 |a RU\TPU\tpu\17887 
090 |a 598082 
100 |a 20120705d2006 k||y0rusy50 ba 
101 0 |a eng 
102 |a HU 
200 1 |a Trace elements in different pathological changes of thyroid gland  |f N. V. Baranovskaya , O. A. Denisova O., L. P. Rikhvanov 
333 |a В фонде НТБ ТПУ отсутствует 
463 |t Trace elements in the food chain  |o proceedings of the International Symposium, Budapest, Hungary, 25-27 May 2006  |v P. 15-16  |d 2006 
610 1 |a труды учёных ТПУ 
700 1 |a Baranovskaya  |b N. V.  |c geochemist  |c Professor of Tomsk Polytechnic University, Doctor of biological sciences  |f 1970-  |g Nataliya Vladimirovna  |3 (RuTPU)RU\TPU\pers\31010  |9 15240 
701 1 |a Denisova  |b O. A. 
701 1 |a Rikhvanov  |b L. P.  |c Professor of Tomsk Polytechnic University  |c Doctor of geological- mineralogical sciences  |c Honored geologist of Russia  |c Honored employee of higher vocational education of the Russian Federation  |f 1945-  |g Leonid Petrovich  |3 (RuTPU)RU\TPU\pers\25922 
801 1 |a RU  |b 63413507  |c 20091130 
801 2 |a RU  |b 63413507  |c 20180401  |g RCR 
942 |c BK